| 000 | 01130nam a2200289Ia 4500 | ||
|---|---|---|---|
| 001 | D1366 | ||
| 003 | IT-RoPAU | ||
| 008 | 130308s9999 xx 000 0 und d | ||
| 040 | _aIT-RoPAU | ||
| 040 | _cIT-RoPAU | ||
| 041 | _aITALIANO | ||
| 100 | _aMarrone Gianfranco | ||
| 100 | _gCodice Aut. SPICS: 35715 | ||
| 245 | _aSignificato, contenuto, senso | ||
| 245 | _bLessico della Semiotica (Il)-(Controversie) | ||
| 250 | _a1a ed. | ||
| 260 | _aBOLOGNA | ||
| 260 | _bEsculapio | ||
| 260 | _c1994 [1° Ed.:1994 - Ed.Ling.Originale:1994] | ||
| 300 | _a"27 p. (prefazione: no ; testo: 27 [pagine: 61-87])" | ||
| 500 | _aSpecchio del Lessico. Dal Significato al Contenuto: Bathes Il Demone del Significato, Eco e L'Opzione Hjelmsleviana e L'Aggancio Antropologico, Greimas e la Semantica Strutturale, semiotiche Specifiche. Dal Contenuto al Senso: Barthes e la Mathesis Singularis, Greimas e L'Ipotesi Generativa, Garroni e L'Orizzonte Kantiano, Eco e L'Ipotesi Interpretativa. Bibliografia. | ||
| 650 | _aSAGGI DI SEMIOLOGIA | ||
| 650 | _eCodice materia Spics: 3257 | ||
| 942 | _cBK | ||
| 957 | _71 | ||
| 999 |
_c78505 _d78505 |
||
| 999 | _g1 | ||